The Peterborough Chronicle. Translation and Introduction by Harry A. Rositzke. (Records of Civilization, Sources and Studies XLIV). Pp. 193. Columbia University Press; London: Geoffrey Cumberlege, 1951. n.p
| Main Author: | |
|---|---|
| Format: | Electronic Review |
| Language: | English |
| Check availability: | HBZ Gateway |
| Interlibrary Loan: | Interlibrary Loan for the Fachinformationsdienste (Specialized Information Services in Germany) |
| Published: |
1953
|
| In: |
The journal of ecclesiastical history
Year: 1953, Volume: 4, Issue: 1, Pages: 103-105 |
| Further subjects: | B
Book review
|
| Online Access: |
Volltext (lizenzpflichtig) Volltext (lizenzpflichtig) |
MARC
| LEADER | 00000caa a22000002c 4500 | ||
|---|---|---|---|
| 001 | 1784732257 | ||
| 003 | DE-627 | ||
| 005 | 20220106003159.0 | ||
| 007 | cr uuu---uuuuu | ||
| 008 | 220105s1953 xx |||||oo 00| ||eng c | ||
| 024 | 7 | |a 10.1017/S002204690002577X |2 doi | |
| 035 | |a (DE-627)1784732257 | ||
| 035 | |a (DE-599)KXP1784732257 | ||
| 040 | |a DE-627 |b ger |c DE-627 |e rda | ||
| 041 | |a eng | ||
| 084 | |a 1 |2 ssgn | ||
| 100 | 1 | |a Clark, Cecily |e VerfasserIn |4 aut | |
| 245 | 1 | 4 | |a The Peterborough Chronicle. Translation and Introduction by Harry A. Rositzke. (Records of Civilization, Sources and Studies XLIV). Pp. 193. Columbia University Press; London: Geoffrey Cumberlege, 1951. n.p |
| 264 | 1 | |c 1953 | |
| 336 | |a Text |b txt |2 rdacontent | ||
| 337 | |a Computermedien |b c |2 rdamedia | ||
| 338 | |a Online-Ressource |b cr |2 rdacarrier | ||
| 601 | |a Peterborough | ||
| 601 | |a Peterborough chronicle | ||
| 601 | |a Translation | ||
| 601 | |a Columbia | ||
| 601 | |a Columbia University | ||
| 601 | |a Université | ||
| 655 | 7 | |a Rezension |0 (DE-588)4049712-4 |0 (DE-627)106186019 |0 (DE-576)209083166 |2 gnd-content | |
| 773 | 0 | 8 | |i Enthalten in |t The journal of ecclesiastical history |d London [u.a.] : Cambridge Univ. Press, 1950 |g 4(1953), 1, Seite 103-105 |h Online-Ressource |w (DE-627)265785375 |w (DE-600)1466476-8 |w (DE-576)078707234 |x 1469-7637 |7 nnas |
| 773 | 1 | 8 | |g volume:4 |g year:1953 |g number:1 |g pages:103-105 |
| 856 | 4 | 0 | |u https://doi.org/10.1017/S002204690002577X |x Resolving-System |z lizenzpflichtig |3 Volltext |7 1 |
| 856 | 4 | 0 | |u https://www.cambridge.org/core/journals/journal-of-ecclesiastical-history/article/peterborough-chronicle-translation-and-introduction-by-harry-a-rositzke-records-of-civilization-sources-and-studies-xliv-pp-193-columbia-university-press-london-geoffrey-cumberlege-1951-np/C06D57E9C7197852970ED93DB8D84446 |x Verlag |z lizenzpflichtig |3 Volltext |7 1 |
| 935 | |a mteo | ||
| 951 | |a AR | ||
| ELC | |a 1 | ||
| ITA | |a 1 |t 1 | ||
| LOK | |0 000 xxxxxcx a22 zn 4500 | ||
| LOK | |0 001 4030036597 | ||
| LOK | |0 003 DE-627 | ||
| LOK | |0 004 1784732257 | ||
| LOK | |0 005 20220105043847 | ||
| LOK | |0 008 220105||||||||||||||||ger||||||| | ||
| LOK | |0 035 |a (DE-Tue135)IxTheo#2021-12-29#2BB1CDB50C4484F73B544B33090968C7DE0FD732 | ||
| LOK | |0 040 |a DE-Tue135 |c DE-627 |d DE-Tue135 | ||
| LOK | |0 092 |o n | ||
| LOK | |0 852 |a DE-Tue135 | ||
| LOK | |0 852 1 |9 00 | ||
| LOK | |0 935 |a ixzs |a ixrk |a zota | ||
| LOK | |0 939 |a 05-01-22 |b l01 | ||
| ORI | |a SA-MARC-ixtheoa001.raw | ||